El castillo de Barbazul : (Record no. 5177)

MARC details
000 -CABECERA
campo de control de longitud fija 02886nam a22002537a 4500
008 - DATOS DE LONGITUD FIJA--INFORMACIÓN GENERAL
campo de control de longitud fija 251112b |||||||| |||| 00| 0 eng d
020 ## - NÚMERO INTERNACIONAL ESTÁNDAR DEL LIBRO
Número Internacional Estándar del Libro 9788411070843
040 ## - FUENTE DE LA CATALOGACIÓN
Centro/agencia transcriptor tbs
041 ## - CÓDIGO DE LENGUA
Código de lengua del texto/banda sonora o título independiente spa
050 ## - SIGNATURA TOPOGRÁFICA DE LA BIBLIOTECA DEL CONGRESO
Número de clasificación PQ6653
Número de documento/Ítem .E62C37 2022
100 ## - ENTRADA PRINCIPAL--NOMBRE DE PERSONA
Nombre de persona Cercas, Javier
Fechas asociadas al nombre 1962-
9 (RLIN) 25458
Término indicativo de función/relación author
245 ## - MENCIÓN DE TÍTULO
Título El castillo de Barbazul :
Mención de responsabilidad, etc. / Javier Cercas.
260 ## - PUBLICACIÓN, DISTRIBUCIÓN, ETC.
Lugar de publicación, distribución, etc. Barcelona :
Nombre del editor, distribuidor, etc. Tusquets Editores,
Fecha de publicación, distribución, etc. 2022.
300 ## - DESCRIPCIÓN FÍSICA
Extensión 397 pages ;
Dimensiones 23 cm.
490 ## - MENCIÓN DE SERIE
Mención de serie Terra Alta
Designación de volumen o secuencia bk. 3
520 ## - SUMARIO, ETC.
Sumario, etc. Años después de lo ocurrido en Independencia, Melchor Marín ya no es policía: trabaja como bibliotecario y vive con su hija Cosette, convertida en una adolescente. Un día, Cosette descubre que su padre le ha ocultado cómo murió su madre, y este hecho la confunde y la subleva. Poco después parte de vacaciones a Mallorca, pero no regresa; tampoco contesta los mensajes ni las llamadas de Melchor, quien, convencido de que algo malo ha ocurrido, decide plantarse en la isla en busca de ella. A partir de aquí la novela se adentra en un laberinto absorbente, a la vez siniestro y luminoso, donde Melchor descubre que los seres humanos somos capaces de lo peor, pero también de lo mejor: que vivimos rodeados de violencia, mentiras, abusos de poder y cobardía, pero que también hay gente capaz de jugárselo todo por una causa justa. Astuta y felizmente disfrazada de novela de aventuras, El castillo de Barbazul acaba de desenmascarar las novelas de la Terra Alta como lo que son: el proyecto literario más ambicioso de Javier Cercas.
520 ## - SUMARIO, ETC.
Sumario, etc. Years after the events of Independencia, Melchor Marín is no longer a police officer. He now works as a librarian and lives with his daughter, Cosette, who has become a teenager. One day, Cosette discovers that her father has hidden the truth about how her mother died—a revelation that confuses and enrages her. Shortly afterward, she leaves for a vacation in Mallorca but never returns; she doesn’t answer Melchor’s calls or messages. Convinced that something terrible has happened, he sets out for the island to find her.<br/><br/>From there, the novel plunges into a gripping labyrinth—both dark and full of light—where Melchor discovers that human beings are capable of the worst, but also of the very best: that we live surrounded by violence, lies, abuses of power, and cowardice, yet there are still people willing to risk everything for a just cause.<br/><br/>Cleverly and delightfully disguised as an adventure novel, The Bluebeard’s Castle ultimately reveals the Terra Alta series for what it truly is: Javier Cercas’s most ambitious literary project.
650 #0 - PUNTO DE ACCESO ADICIONAL DE MATERIA--TÉRMINO DE MATERIA
Término de materia o nombre geográfico como elemento de entrada Missing persons
Subdivisión de forma Fiction
9 (RLIN) 24148
650 #0 - PUNTO DE ACCESO ADICIONAL DE MATERIA--TÉRMINO DE MATERIA
Término de materia o nombre geográfico como elemento de entrada Ex-police officers
Subdivisión geográfica Spain
Subdivisión de forma Fiction
9 (RLIN) 26497
650 #0 - PUNTO DE ACCESO ADICIONAL DE MATERIA--TÉRMINO DE MATERIA
Término de materia o nombre geográfico como elemento de entrada Fathers and daughters
Subdivisión de forma Fiction
9 (RLIN) 22885
655 #0 - TÉRMINO DE INDIZACIÓN--GÉNERO/FORMA
Datos o término principal de género/forma Detective and mystery fiction
9 (RLIN) 23664
655 #0 - TÉRMINO DE INDIZACIÓN--GÉNERO/FORMA
Datos o término principal de género/forma Action and adventure fiction
9 (RLIN) 22721
942 ## - ELEMENTOS DE ENTRADA AGREGADA (KOHA)
Fuente del sistema de clasificación o colocación Clasificación de Library of Congress
Holdings
Estado de retiro Estado de pérdida Fuente del sistema de clasificación o colocación Estado dañado No para préstamo Biblioteca de origen Biblioteca actual Fecha de adquisición Total de préstamos Signatura topográfica completa Código de barras Fecha visto por última vez Número de copia Precio válido a partir de Tipo de ítem Koha
    Clasificación de Library of Congress     TBS Barcelona TBS Barcelona 12/11/2025   P-SP CER B05657 12/11/2025 1 12/11/2025 Book

Powered by Koha